000 00503nam a2200181Ia 4500
008 230917s9999||||xx |||||||||||||| ||und||
020 _cRS 950.00
040 _e5009687
_aMAIN
041 _aEnglish
082 _a300.72 B469M(24)
100 _aBhandarkar, P L
245 0 _aMethodology and techniques of social research
250 _a24th ed.
260 _aMumbai
_bHimalaya Publishing House
_c2017
300 _a437 p.
500 _a3933 01/01/2020 VBPD20/2674 15/01/2020 Main Budget
942 _cBK
999 _c1177
_d1177